| 000 | 00689nab#a2200205#c#4500 | ||
|---|---|---|---|
| 999 |
_c121935 _d121935 |
||
| 003 | IEF | ||
| 005 | 20191210184514.0 | ||
| 008 | 950704s1975 uuu|| #####0 b| |u | ||
| 040 |
_aIEF _cES-MaIEF |
||
| 100 | 1 |
_aBreña Cruz, Fernando Aníbal _97364 |
|
| 245 |
_aLa periodificación del pago del Impuesto General sobre la Renta de las Personas Físicas _buna fórmula de aplicación en España _c [Fernando A. Breña Cruz, et al.] |
||
| 260 | _c1975 | ||
| 650 | 4 |
_aIMPUESTO SOBRE LA RENTA DE LAS PERSONAS FISICAS _950199 |
|
| 650 | 4 |
_aESPAÑA _941092 |
|
| 650 | 4 |
_aPAGO _947926 |
|
| 773 | 0 |
_tHacienda Publica Española _g37, p. 119-134 |
|
| 942 | _2udc | ||
| 942 | _2udc | ||